Online reputation your most valuable asset in a digital age

Gespeichert in:
Bibliographische Detailangaben
1. Verfasser: Pearce, Sarah
Format: Buch
Sprache:Englisch
Veröffentlicht: [S.l.] House of Words Publishing 2015
Schlagworte:
Tags: Tag hinzufügen
Keine Tags, Fügen Sie das erste Tag hinzu!

MARC

LEADER 00000nam a2200000 4500
001 0237598
005 20240314123357.4
020 |a 9780473341541 
020 |a 978-0-473-34154-1 
041 0 |a eng 
044 |a US 
245 1 0 |a Online reputation  |b your most valuable asset in a digital age  |c Sarah Pearce ; edited by Kaitlyn Shiels 
264 1 |a [S.l.]  |b House of Words Publishing  |c 2015 
300 |a 155 s. 
610 2 0 |a podnik 
610 2 0 |a prezentácia firemná 
610 2 0 |a siete sociálne 
610 2 0 |a internet 
610 2 0 |a informácie 
610 2 0 |a digitalizácia 
610 2 0 |a ochrana informácií 
610 2 0 |a bezpečnosť elektronická 
610 2 0 |a poradenstvo profesionálne 
610 2 0 |a štúdie prípadové 
100 1 |a Pearce, Sarah